Pokémon Go Community Days - Statistics

General Stats
  • This quiz has been taken 324 times
    93 since last reset
  • The average score is 46 of 77
Answer Stats
Date Pokémon Type Exclusive move Region % Correct
January 20th, 2018 Pikachu Electric Surf Kanto
96%
May 19th, 2018 Charmander Fire Blast Burn Kanto
94%
October 17th, 2020 Charmander Fire Dragon Breath Kanto
94%
March 25th, 2018 Bulbasaur Grass / Poison Frenzy Plant Kanto
91%
July 8th, 2018 Squirtle Water Hydro Cannon Kanto
91%
February 24th, 2018 Dratini Dragon Draco Meteor Kanto
87%
August 11th-12th, 2018 Eevee Normal Last Resort Kanto
76%
August 14th-15th, 2021 Eevee Normal Scald Kanto
76%
October 21st, 2018 Beldum Steel / Psychic Meteor Mash Hoenn
75%
August 14th-15th, 2021 Eevee Normal Zap Cannon Kanto
75%
August 14th-15th, 2021 Eevee Normal Superpower Kanto
75%
August 14th-15th, 2021 Eevee Normal Shadow Ball Kanto
73%
August 14th-15th, 2021 Eevee Normal Psychic Kanto
73%
August 14th-15th, 2021 Eevee Normal Bullet Seed Kanto
73%
August 14th-15th, 2021 Eevee Normal Water Pulse Kanto
73%
August 14th-15th, 2021 Eevee Normal Psyshock Kanto
73%
June 16th, 2018 Larvitar Rock / Ground Smack Down Johto
73%
April 13th, 2019 Bagon Dragon Outrage Hoenn
72%
November 16th, 2019 Chimchar Fire Blast Burn Sinnoh
70%
January 19th, 2020 Piplup Water Hydro Cannon Sinnoh
70%
March 23rd, 2019 Treecko Grass Frenzy Plant Hoenn
70%
September 15th, 2019 Turtwig Grass Frenzy Plant Sinnoh
69%
July 21st, 2019 Mudkip Water Hydro Cannon Hoenn
67%
May 19th, 2019 Torchic Fire Blast Burn Hoenn
67%
January 12th, 2019 Totodile Water Hydro Cannon Johto
67%
September 22nd Chikorita Grass Frenzy Plant Johto
66%
November 10th, 2018 Cyndaquil Fire Blast Burn Johto
66%
August 8th, 2020 Magikarp Water Aqua Tail Kanto
63%
June 20th, 2020 Weedle Bug / Poison Drill Run Kanto
63%
May 21st, 2022 Geodude Rock / Electric Rollout Alola
61%
April 11th, 2021 Snivy Grass Frenzy Plant Unova
61%
June 25th, 2022 Deino Dark / Dragon Brutal Swing Unova
60%
July 19th, 2020 Gastly Ghost / Poison Shadow Punch Kanto
60%
March 16th, 2024 Litten Fire Blast Burn Alola
60%
January 16th, 2021 Machop Fighting Payback Kanto
60%
July 3rd, 2021 Tepig Fire Blast Burn Unova
60%
June 6th, 2021 Gible Dragon / Ground Earth Power Sinnoh
58%
April 15th, 2018 Mareep Electric Dragon Pulse Johto
58%
September 19th, 2021 Oshawott Water Hydro Cannon Unova
58%
August 3rd, 2019 Ralts Psychic / Fairy Synchronoise Hoenn
58%
January 6th, 2024 Rowlet Grass / Flying Frenzy Plant Alola
58%
August 13th, 2023 Froakie Water Hydro Cannon Kalos
57%
February 22nd, 2020 Rhyhorn Ground / Rock Rock Wrecker Kanto
57%
September 20th, 2020 Porygon Normal Tri Attack Kanto
55%
July 17th, 2022 Starly Normal / Flying Gust Sinnoh
55%
February 16th, 2019 Swinub Ice / Ground Ancient Power Johto
55%
June 10th, 2023 Axew Dragon Breaking Swipe Unova
52%
January 7th, 2023 Chespin Grass Frenzy Plant Kalos
52%
May 21st, 2023 Fennekin Fire Blast Burn Kalos
52%
November 21st, 2020 Magmar Fire Thunderbolt Kanto
52%
March 13th, 2022 Sandshrew Ground Ice / Steel Night Slash Shadow Claw Kanto Alola
52%
June 8th, 2019 Slakoth Normal Body Slam Hoenn
52%
March 18th, 2023 Slowpoke Water / Psychic Psychic Surf Kanto Galar
52%
April 25th, 2020 Abra Psychic Counter Kanto
51%
November 15th, 2020 Electabuzz Electric Flamethrower Kanto
51%
August 13th, 2022 Zigzagoon Dark / Normal Obstruct Galar
51%
April 20th, 2024 Bellsprout Grass / Poison Magical Leaf Kanto
49%
October 15th, 2022 Litwick Ghost / Fire Poltergeist Unova
49%
November 21st, 2021 Shinx Electric Psychic Fangs Sinnoh
49%
April 23rd, 2022 Stufful Normal / Fighting Drain Punch Alola
48%
October 12th, 2019 Trapinch Ground Earth Power Hoenn
48%
November 5th, 2023 Wooper Water / Ground Poison / Ground Aqua Tail Megahorn Johto Paldea
48%
February 12th, 2022 Hoppip Grass / Flying Acrobatics Johto
46%
January 16th, 2022 Spheal Ice / Water Powder Snow Icicle Spear Hoenn
46%
April 15th, 2023 Togetic Fairy / Flying Aura Sphere Johto
46%
October 9th, 2021 Duskull Ghost Shadow Ball Hoenn
45%
March 6th, 2021 Fletchling Normal / Flying Incinerate Kalos
45%
February 5th, 2023 Noibat Flying / Dragon Boomburst Kalos
43%
May 15th, 2021 Swablu Normal / Flying Moonblast Hoenn
43%
September 23rd, 2023 Grubbin Bug Volt Switch Alola
42%
September 18th, 2022 Roggenrola Rock Meteor Beam Unova
42%
February 7th, 2021 Roselia Grass / Poison Bullet Seed Weather Ball Hoenn
42%
July 30th, 2023 Poliwag Water Counter Ice Beam Kanto
40%
October 15th, 2023 Timburr Fighting Brutal Swing Unova
40%
May 24th, 2020 Seedot Grass Bullet Seed Hoenn
39%
November 12th, 2022 Teddiursa Normal High Horsepower Johto
37%
February 4th, 2024 Chansey Normal Wild Charge Kanto
33%
No matching quizzes found
Score Distribution
Percent of People with Each Score
Percentile by Number Answered
Your Score History
You have not taken this quiz since the last reset